WWE Theme Songs - Statistics

General Stats
  • This quiz has been taken 82 times
  • The average score is 10 of 15
Answer Stats
Hint Answer % Correct
619 (Jim Johnston) Rey Mysterio
100%
Voices (Rev Theory) Randy Orton
94%
The Game (Motorhead) Triple H
93%
Phenomenal (CFOS) AJ Styles
89%
The Time is Now (Tha Trademarc) John Cena
89%
Cult of Personality (Living Colour) CM Punk
85%
Here Comes The Money (Jim Johnston) Shane McMahon
85%
Viva la Raza (Jim Johnston) Eddie Guerrero
81%
Real American (Rick Derringer) Hulk Hogan
74%
The Rising Sun (CFOS) Shinsuke Nakamura
72%
Whatever (Our Lady Peace) Chris Benoit
33%
The Future (CFOS) Asuka
29%
Stars in the Night (CFOS) Paige
29%
Love, Fury, Passion, Energy (Boy Hits Car) Lita
26%
All About The Power (Jim Johnston) David Otunga
22%
No matching quizzes found
Score Distribution
Percent of People with Each Score
Percentile by Number Answered
Your Score History
You have not taken this quiz